LEADER 00892nam a2200229 i 4500 001 000000069383 003 CaOOAMICUS 005 20100824000000.0 008 100824s1977 gw u000 u ger u 013 $a40555 020 $a3-11-007017-0 040 $aSeMil$bita 245 10$aAnmerkungen der Bände 6.-9. 260 $aBerlin ; New York :$bDe Gruyter,$c1977. 300 $a1 v. (pag. varia) ;$c19 cm. 773 0 $aKant, Immanuel <1724-1804>$tKants Werke.$bRepr. Nachdruck$dBerlin : De Gruyter, 1968-1977.$w()3330 850 $aSeMil 852 $aSeMil$W1$xVenegono$y1$m2LL I 50$j255893$B35536$CSeMilBibl$Z2$F35539 $81 961 $aAcquisto: Casa editrice 996 $6020$a3-11-007017-0$9(OLS)http://semarc/number/47867 996 $6245$aAnmerkungen der Bände 6.-9$9(OLS)http://semarc/title/111054 996 $6260$aBerlin ; New York :$bDe Gruyter$9(OLS)http://semarc/publisher/29892 LEADER 01155nam a2200277 i 4500 001 000000169903 003 CaOOAMICUS 005 20181022164747.0 008 080317s1966 it u000 u ita u 013 $a147308 040 $aSeMil$bita 100 1 $aDi Pietro, Antonio,$d<1917-1973>.$0(OLS)http://semarc/name/6036 245 10$aVolume 1. 300 $a186 p. 490 0 $aBiblioteca scientifica [Centro librario] 490 0 $aBiblioteca scientifica. Sezione filologica ;$v5 500 $aIn preliminari : Dedica autografa dell'Autore. - Fondo Card. Giovanni Colombo. 773 0 $aDi Pietro, Antonio <1917-1973>$tOpera di Ugo Betti.$dBari : Centro librario, 1966-1968.$kBiblioteca scientifica. Sezione filologica$w()12662 830 0$aBiblioteca scientifica. Sezione filologica ;$v5.$0(OLS)http://semarc/title/16857 830 0$aBiblioteca scientifica.$0(OLS)http://semarc/title/419404 850 $aSeMil 852 $aSeMil$W1$xVenegono$y1$m1O VI 235$j236548$B120807$CSeMilBibl$Z2$F132561 $81 941 1 $a3 961 $aLascito: Colombo Card. Giovanni 996 $6245$aVolume 1$9(OLS)http://semarc/title/46244